| 000 | 00371cam a22001217a 4500 | ||
|---|---|---|---|
| 008 | 180718b1972 xxu||||| |||| 00| 0 eng d | ||
| 082 | _aP5x5442 Al79 | ||
| 100 | _aAltbach, Philip G. | ||
| 245 |
_aUniversity in transition: an Indian case study _cby Philip G. Altbach |
||
| 260 |
_aBombay _bSindhu _c1972 |
||
| 300 | _a136p. | ||
| 650 | _aUniversity of Bombay --Administration | ||
| 999 |
_c341210 _d341210 |
||